Statistical mechanics / (Record no. 150961)
[ view plain ]
| 000 -LEADER | |
|---|---|
| fixed length control field | 00557cam2a220018100 4500 |
| 001 - CONTROL NUMBER | |
| control field | mtr02017453 |
| 005 - DATE AND TIME OF LATEST TRANSACTION | |
| control field | 20190823110316.0 |
| 008 - FIXED-LENGTH DATA ELEMENTS--GENERAL INFORMATION | |
| fixed length control field | 861208s1987 nyua b 001 0 eng |
| 020 ## - INTERNATIONAL STANDARD BOOK NUMBER | |
| International Standard Book Number | 0471815187 |
| 035 ## - SYSTEM CONTROL NUMBER | |
| System control number | (Sirsi) r13897 |
| 050 0# - LIBRARY OF CONGRESS CALL NUMBER | |
| Classification number | QC 174.8 HUA 1987 |
| 100 1# - MAIN ENTRY--PERSONAL NAME | |
| Personal name | Huang, Kerson, 1928- |
| Dates associated with a name | Huang, Kerson, 1928- |
| Linkage | A69470.1 |
| 245 10 - TITLE STATEMENT | |
| Title | Statistical mechanics / |
| Statement of responsibility, etc. | Kerson Huang. |
| 250 ## - EDITION STATEMENT | |
| Edition statement | 2nd ed. |
| 260 ## - PUBLICATION, DISTRIBUTION, ETC. | |
| Place of publication, distribution, etc. | New York : |
| Name of publisher, distributor, etc. | Wiley, |
| Date of publication, distribution, etc. | c1987. |
| 504 ## - BIBLIOGRAPHY, ETC. NOTE | |
| Bibliography, etc. note | Includes bibliographical references and index. |
| 650 #0 - SUBJECT ADDED ENTRY--TOPICAL TERM | |
| Topical term or geographic name entry element | Statistical mechanics. |
| Linkage | S3070.1 |
No items available.